000 00626nam a22001817a 4500
005 20130618144328.0
010 _aB-512733-739
020 _a9788175224612
_c1500.00
035 _aB-512733-739
037 _adpl
_bBSB/Ven
100 _aTagore, Rabindranath
245 _aThe Essential Tagore/
_cby Rabindranath Tagore
260 _aKolkata
_bVisva-Bharati
_c2011
270 _a6 Acharya Jagdish Chandra Bose Road
_bKolkata
_e700017
300 _a761p.
_bcol.ill
_c26cm(Hb)
942 _2ddc
_cEN
_h863.1092
_mTAG
999 _c76746
_d76746